| 000 | 02890cam a22003614i 4500 | ||
|---|---|---|---|
| 999 |
_c9330 _d9330 |
||
| 001 | 49386034 | ||
| 003 | OCoLC | ||
| 005 | 20241126110710.0 | ||
| 008 | 020311s2002 kyu b 001 0 eng | ||
| 010 | _a2002016869 | ||
| 020 |
_a0664222315 _q(alk. paper) |
||
| 020 |
_a9780664222314 _q(alk. paper) |
||
| 035 | _atcgc291705 | ||
| 035 | _a(OCoLC)49386034 | ||
| 040 |
_aDLC _beng _erda _cDLC _dIXT _dC#P _dLTS |
||
| 042 | _apcc | ||
| 050 | 0 | 0 |
_aBS1192.5 _b.B785 2002 |
| 082 | 0 | 0 |
_a230.0411 _221 _bBRU |
| 100 | 1 |
_aBrueggemann, Walter. _0https://id.loc.gov/authorities/names/n50042932 _91793 |
|
| 245 | 1 | 0 |
_aReverberations of faith : _ba theological handbook of Old Testament themes / _cWalter Brueggemann. |
| 250 | _aFirst edition. | ||
| 264 | 1 |
_aLouisville, Ky. : _bWestminster John Knox Press, _c[2002] |
|
| 264 | 4 | _c℗♭2002 | |
| 300 |
_axii, 256 pages ; _c23 cm |
||
| 336 |
_atext _btxt _2rdacontent |
||
| 337 |
_aunmediated _bn _2rdamedia |
||
| 338 |
_avolume _bnc _2rdacarrier |
||
| 504 | _aIncludes bibliographical references and indexes. | ||
| 505 | 0 | _aThe ancestors -- Angel -- Apocalyptic thought -- The ark -- Asherah -- Assyria -- Atonement -- Baal -- Babylon -- Blessing -- Book of the covenant -- Canaanites -- Canon -- Chaos -- The chronicler -- Circumcision -- Community -- Covenant -- Creation -- David -- The day of the Lord -- Death -- The Decalogue -- Deuteronomic theology -- Divine council -- Education -- Egypt -- Election -- Elijah -- Ethics -- Exile -- Exodus -- Ezra -- Faith -- The fall -- Fertility religion -- Festivals -- Forgiveness -- Glory -- Hannah -- Herem -- High place -- History -- Holiness -- Hope -- Huldah -- The hymn -- Image of God -- Jerusalem -- Jezebel -- Jubilee -- Kingship -- The lament -- Land -- Listening -- Love -- Messiah -- Miracle -- Miriam -- Money -- Monotheism -- Moses -- Neighbor -- Persia -- Plague -- Prayer -- Priestly tradition -- Priests -- Promise -- Prophets -- Purim -- Redemption -- Reform of Hezekiah -- Reform of Josiah -- Remnant -- Repentance -- Resurrection -- Retribution -- Righteousness -- Sabbath -- Sacrifice -- Salvation -- Samaritans -- Satan -- Scribes -- Sexuality -- Sin -- Sojourner -- Spirit -- Suffering -- Suffering servant -- Temple -- Thanksgiving -- Theodicy -- Theophany -- Torah -- Tradition -- Vengeance -- Violence -- War -- Widow -- Wilderness -- Wisdom -- Worship -- YHWH. | |
| 520 |
_aExplores more than 100 Old Testament themes. Each entry states the consensus reading, identifies what is at issue in the interpretive question, and discusses the practical significance of the issue for the church today, in part by suggesting contemporary connections to the ancient texts.-- _cFrom publisher's description. |
||
| 630 | 0 | 0 |
_aBible. _pOld Testament _0https://id.loc.gov/authorities/names/n79054379 _xTheology. _0https://id.loc.gov/authorities/subjects/sh2001008984 _92493 |
| 942 |
_2ddc _cBK _03 |
||